00434nam a2200133 i 450000100060000000300090000600500170001500700030003200800410003510000390007624500950011526000670021085200230027785333ES-MaACL20250810063029.0t|041126s1916 sp ||||1| spa d1 aJordana de Pozas, Luis,d1890-198313aLa cuestión agraria en Irlanda b: su historia y estado actual /cLuis Jordana de Pozas. aMadrid : b[s.n., c1916] (fSuc. de M. Minuesa de los Ríos) aES-MaACLj1531-F-2